Films avec Leonardo Dicaprio - Statistiques

Statistiques générales
  • Ce quiz a été pris 268 fois
  • Le résultat moyen est 11 sur 19
Answers on the Grid
Answers color-coded by a green-red scale on the quiz's grid according to % correct below.
La Plage
Heat
Gangs of New York
The Aviator
Babylon
Tenet
Dunkerque
Blood Diamond
The french dispatch
The great Gatsby
Total Eclipse
Ford v Ferrari
Les infiltrés
Captain Phillips
Basketball Diaries
Don't Look Up
Snatch
Inception
O'brother
Django unchained
Gilbert Grape
Zodiac
Seul sur Mars
L'homme au masque de fer
Une bataille après l'autre
Uncut Gems
Revolutionary Road
Catch me if you can
Don't worry darling
Asteroid City
Killers of the flower moon
Le Loup de wall street
Richard Jewell
The revenant
The Irishman
 
Statistiques - réponses
Réponse % Correct
Le Loup de wall street
89%
Inception
80%
The revenant
77%
The great Gatsby
75%
Django unchained
74%
Catch me if you can
67%
Les infiltrés
60%
Don't Look Up
58%
Gangs of New York
58%
Killers of the flower moon
57%
The Aviator
57%
Une bataille après l'autre
54%
La Plage
52%
Blood Diamond
46%
L'homme au masque de fer
46%
Basketball Diaries
37%
Gilbert Grape
34%
Revolutionary Road
16%
Total Eclipse
14%
Aucun quiz correspondant
Distribution des résultats
% des personnes avec chaque résultat
Percentile par nombre de réponses
Votre historique - résultats
Vous n’avez pas pris ce quiz